1700s Decade Quiz - Statistics

General Stats
  • This quiz has been taken 13,794 times
  • The average score is 11 of 16
Answer Stats
Hint Answer % Correct
City founded by Peter the Great St. Petersburg
88%
City which became the capital of Prussia Berlin
83%
Territory in southern Spain which England captured in 1704 Gibraltar
79%
The most recent eruption of this Japanese volcano Mount Fuji
78%
Future Ivy League university founded in New Haven, Connecticut Yale
78%
Astronomer who predicted that a certain comet would pass near the Earth every 76 years Edmond Halley
77%
French prison where the "Man in the Iron Mask" died after 34 years of imprisonment Bastille
74%
Fragrance first mixed in a German city in 1709, now a generic term for a men's perfume Eau de {Cologne}
72%
Two countries which were joined in 1707 by the Acts of Union England
72%
Two countries which were joined in 1707 by the Acts of Union Scotland
72%
Musical instrument invented by Bartolomeo Cristofori, an evolution of the harpsichord Piano
66%
City founded by the French near the Great Lakes Detroit
56%
Empire based in northern India which had the highest population of any sovereign nation, around 158 million {Mughal} Empire
52%
Continent-wide war between the houses of Habsburg and Bourbon which resulted in perhaps one million military deaths War of {Spanish} Succession
50%
Scientist who published "Opticks", a study of light, and also hypothesized (by examining the Bible) that the world would end in 2060 AD Isaac Newton
43%
Invention of Jethro Tull which greatly improved planting methods {Seed} drill
27%
No matching quizzes found
Score Distribution
Percent of People with Each Score
Percentile by Number Answered
Your Score History
You have not taken this quiz